Enfance Sourde : soigner et faire taire… (notice n° 1641892)
[ vue normale ]
| 000 -LEADER | |
|---|---|
| fixed length control field | 01159cam a2200205 4500500 |
| 005 - DATE AND TIME OF LATEST TRANSACTION | |
| control field | 20260201121158.0 |
| 041 ## - LANGUAGE CODE | |
| Language code of text/sound track or separate title | fre |
| 042 ## - AUTHENTICATION CODE | |
| Authentication code | dc |
| 100 10 - MAIN ENTRY--PERSONAL NAME | |
| Personal name | Meynard, André |
| Relator term | author |
| 245 00 - TITLE STATEMENT | |
| Title | Enfance Sourde : soigner et faire taire… |
| 260 ## - PUBLICATION, DISTRIBUTION, ETC. | |
| Date of publication, distribution, etc. | 2011.<br/> |
| 500 ## - GENERAL NOTE | |
| General note | 23 |
| 520 ## - SUMMARY, ETC. | |
| Summary, etc. | RésuméPourquoi ne parvenons-nous pas à prendre acte de ce que certains humains en viennent à parler avec les mains et entendre avec les yeux ? Si les tout jeunes enfants Sourds ne perçoivent pas les fréquences conversationnelles de nos langues vocales, ils demeurent cependant entendants du message symbolique. D’où vient donc cette poussée, cette force avec laquelle ces garçons et filles sont attirés vers une telle modalité de dire ? Pourquoi une surdité à ces modalités du parler prospère-t-elle encore si fortement dans les dispositifs d’accueil et d’éducation de ces sujets ? |
| 690 ## - LOCAL SUBJECT ADDED ENTRY--TOPICAL TERM (OCLC, RLIN) | |
| Topical term or geographic name as entry element | déni |
| 690 ## - LOCAL SUBJECT ADDED ENTRY--TOPICAL TERM (OCLC, RLIN) | |
| Topical term or geographic name as entry element | médicalisation |
| 690 ## - LOCAL SUBJECT ADDED ENTRY--TOPICAL TERM (OCLC, RLIN) | |
| Topical term or geographic name as entry element | parole |
| 690 ## - LOCAL SUBJECT ADDED ENTRY--TOPICAL TERM (OCLC, RLIN) | |
| Topical term or geographic name as entry element | surdité |
| 786 0# - DATA SOURCE ENTRY | |
| Note | Empan | 83 | 3 | 2011-10-01 | p. 63-69 | 1152-3336 |
| 856 41 - ELECTRONIC LOCATION AND ACCESS | |
| Uniform Resource Identifier | <a href="https://shs.cairn.info/revue-empan-2011-3-page-63?lang=fr&redirect-ssocas=7080">https://shs.cairn.info/revue-empan-2011-3-page-63?lang=fr&redirect-ssocas=7080</a> |
Pas d'exemplaire disponible.




Réseaux sociaux